000 00875nam a2200217 a 4500
003 0
005 20250314163444.0
008 071127s19uu xx 00 eng d
050 _aPGS BF 575.S75.H66
_b.P235 2007
100 _aPark, Ho Yong.
245 _aStudent's stress on the homogenous and heterogenous classes /
_cHo Young Park.
260 _aLas PiƱas City, Philippines :
_bSouthville International School and Colleges,
_c2007.
300 _a54 pages :
_billustrations ;
_c28 cm.
504 _aIncludes bibliographical references.
650 _aStress in children
_vEducational aspects.
650 _aClassroom environment
_vPsychological aspects.
650 _aHomogeneous grouping of students
_vEffectiveness.
650 _aHeterogeneous grouping of students
_vImpact on learning.
650 _aMiddle school students
_vStress factors.
942 _2lcc
_cPASS
999 _c97757
_d97757